All 118 elements of the periodic table - Statistics

General Stats
  • This quiz has been taken 122 times
  • The average score is 73 of 118
Answer Stats
Answer % Correct
He Helium
96%
H Hydrogen
94%
Li Lithium
94%
Be Beryllium
92%
Mg Magnesium
92%
Ne Neon
92%
O Oxygen
92%
Al Aluminum
90%
Ar Argon
90%
Ca Calcium
90%
C Carbon
90%
Cu Copper
90%
Fe Iron
90%
Co Cobalt
88%
F Fluorine
88%
K Potassium
88%
Ag Silver
88%
Na Sodium
88%
Zn Zinc
88%
Cl Chlorine
87%
N Nitrogen
87%
Si Silicon
87%
Ti Titanium
87%
Xe Xenon
87%
B Boron
85%
Ge Germanium
85%
Au Gold
85%
Mn Manganese
85%
P Phosphorus
85%
Kr Krypton
83%
Ni Nickel
83%
Cr Chromium
81%
S Sulfur
81%
U Uranium
81%
Ga Gallium
79%
I Iodine
79%
V Vanadium
77%
Br Bromine
75%
Hg Mercury
75%
Sc Scandium
73%
Se Selenium
73%
As Arsenic
71%
Fr Francium
71%
Pb Lead
71%
Sn Tin
71%
Zr Zirconium
71%
Cd Cadmium
69%
In Indium
69%
Ir Iridium
69%
Rn Radon
69%
W Tungsten
69%
Y Yttrium
69%
Cs Cesium
67%
Rb Rubidium
67%
Pu Plutonium
65%
Ra Radium
65%
Sr Strontium
65%
Bi Bismuth
63%
Pt Platinum
63%
Po Polonium
63%
Eu Europium
62%
Pd Palladium
62%
Ba Barium
60%
Np Neptunium
60%
Rh Rhodium
60%
Am Americium
58%
Cf Californium
58%
Os Osmium
58%
Te Tellurium
58%
Sb Antimony
56%
Th Thorium
56%
Hf Hafnium
54%
At Astatine
52%
Ce Cerium
52%
Mo Molybdenum
52%
Yb Ytterbium
52%
Er Erbium
50%
Re Rhenium
50%
Ru Ruthenium
50%
Tc Technetium
50%
Bk Berkelium
48%
Es Einsteinium
48%
Ho Holmium
48%
La Lanthanum
48%
Nb Niobium
48%
Ac Actinium
46%
Tl Thallium
46%
Rf Rutherfordium
44%
Cm Curium
42%
Lu Lutetium
42%
Nd Neodymium
40%
No Nobelium
40%
Sm Samarium
40%
Tm Thulium
40%
Bh Bohrium
38%
Fm Fermium
38%
Sg Seaborgium
38%
Tb Terbium
38%
Gd Gadolinium
37%
Lr Lawrencium
37%
Og Oganesson
37%
Pr Praseodymium
37%
Db Dubnium
35%
Dy Dysprosium
35%
Lv Livermorium
35%
Nh Nihonium
35%
Pm Promethium
35%
Ta Tantalum
35%
Md Mendelevium
33%
Hs Hassium
31%
Mt Meitnerium
31%
Rg Roentgenium
29%
Ts Tennessine
29%
Ds Darmstadtium
27%
Mc Moscovium
27%
Pa Protactinium
27%
Cn Copernicium
25%
Fl Flerovium
21%
No matching quizzes found
Score Distribution
Percent of People with Each Score
Percentile by Number Answered
Your Score History
You have not taken this quiz